000 00780nam a2200265 a 4500
001 BRCA_7103
005 20190321142931.0
008 271211s1952----enka######---#000-0#eng-#
041 _aeng
044 _aenk
050 4 _b.N38 1 1952
245 1 0 _aThe Spanish school
_bby Neil MacLaren
260 _aLondres
_bTrustees
_c1952
300 _aiv, 98 p.
_c25 cm.
440 0 _aNational Gallery Catalogues
_917654
500 _aVer también O188
500 _aO114
650 1 4 _aPintura
_vCatálogos
_zInglaterra - Londres
_917655
650 1 4 _aPintura española
_vCatálogos
_93731
650 1 4 _aNational Gallery (Great Britain)
_vCatálogos
_917656
700 1 _aMacLaren, Neil
_917657
710 2 _aNational Gallery (Great Britain)
_917658
902 _aGFM
942 _2lcc
_cB
999 _c6784
_d6784